| 000 | 007000000a22002170004500 | ||
|---|---|---|---|
| 090 |
_aMM _b00072 |
||
| 245 | 1 | 0 | _aFundación ecológica Gabriel Arango Restrepo |
| 300 |
_a7 min _bVHS |
||
| 650 | 1 | 4 |
_aUso del agua _9100810 |
| 650 | 1 | 4 |
_aRecursos hídricos _992528 |
| 650 | 1 | 4 |
_aOrganizaciones ecológicas _9101057 |
| 650 | 1 | 4 |
_aBosques altoandinos _92831 |
| 650 | 1 | 4 |
_aBosques de niebla _94780 |
| 650 | 1 | 4 |
_aReservas protectoras _9101058 |
| 651 | 4 |
_mManizales _dCaldas _pColombia _992749 |
|
| 041 | 0 | _aEspañol | |
| 044 | _aColombia | ||
| 110 | 1 |
_aFundación Ecológica Gabriel Arango Restrepo _9101059 |
|
| 260 |
_aManizales _bFundación ecológica Gabriel Arango Restrepo _c1998 |
||
| 942 | _cCD-ROM | ||
| 999 |
_c16594 _d16594 |
||